[Event "Anderssen Memorial Open-A 2020"]
[Site "Wroclaw"]
[Date "2020.08.05"]
[Round "6.5"]
[White "Chmiel, Marcin"]
[Black "Burian, Simon"]
[Result "1-0"]
[WhiteElo "2267"]
[BlackElo "2073"]
[Annotator "TA"]
[PlyCount "75"]
[EventDate "2020.08.01"]
[EventType "swiss"]
[EventCountry "POL"]
[SourceTitle "playchess.com"]
[Source "ChessBase"]
[SourceQuality "1"]

{[%evp 12,75,23,12,20,17,40,33,66,54,53,29,73,0,0,-8,0,0,18,23,12,0,131,148,300,302,306,300,298,306,304,291,290,291,240,243,385,380,373,391,352,354,638,361,352,221,209,212,279,277,300,264,352,292,270,266,292,280,277,276,551,541,493,422,565,562]} 1. c4 c5 2. g3 Nf6 3. Bg2 d5 4. cxd5 Nxd5 5. Nc3 Nc7 6. Nf3 Nc6 7. a3 {[%cal Ba2a3,Ba3b4][%mdl 32]} Rb8 {7...g6 gains popularity. A34: Symmetrical English: 2 Nc3, lines with ...d5.} 8. b4 cxb4 9. axb4 b5 {White is slightly better.} 10. Bb2 {[#]} Bb7 $146 ({Predecessor:} 10... e5 11. Qc1 Rb6 12. Ne4 f6 13. O-O Bxb4 14. d4 f5 15. Nxe5 Nxe5 16. dxe5 fxe4 {1-0 (49) Tomashevsky,E (2701)-Nepomniachtchi,I (2714) Yaroslavl 2014}) 11. h4 h6 12. h5 (12. O-O $16) 12... e6 $11 13. Ne4 Nxb4 14. Ne5 Be7 15. Rxa7 O-O 16. g4 f5 (16... Ncd5 $11 {remains equal.}) 17. gxf5 $16 {Qb3 is the strong threat.} exf5 $2 {This move loses the game for Black.} (17... Ncd5 $16 {was called for.}) 18. Rxb7 $18 Rxb7 19. Qb3+ $1 Kh7 20. Qg3 Ne8 {[#]} 21. Qg6+ $1 Kg8 {And now ...Rb6 would win.} ({Much weaker is} 21... Kh8 22. Qe6 $18) 22. Qe6+ Kh7 23. Ng6 ({Worse is} 23. Nf7 Qb6 $15) 23... Qd7 (23... Rb6 {is a better defense.} 24. Nxf8+ (24. Qxe7 Qxe7 25. Nxe7 Rf7 $16) 24... Bxf8 25. Qxf5+ Kg8) 24. Nxf8+ Bxf8 {[#]} 25. Qg6+ $1 Kg8 26. Ng3 Nc2+ $2 (26... Nd6 27. Bxb7 Qxb7) 27. Kd1 Rc7 28. Qxf5 Qxf5 29. Nxf5 Nb4 30. Rh3 Rc5 31. Be4 Rc4 32. Bb1 Rg4 {[%cal Rg4g1]} 33. Rg3 Rxg3 34. fxg3 Kf7 35. Nd4 {aiming for Bg6+.} Bd6 $2 (35... Nc7 36. g4 Ke8) 36. Bg6+ {White is clearly winning.} Kf8 37. g4 Nc7 38. Nf5 {[%mdl 64] Double Attack. Accuracy: White = 77%, Black = 47%.} 1-0

[Event "Anderssen Memorial Open-A 2020"]
[Site "Wroclaw"]
[Date "2020.08.05"]
[Round "6.6"]
[White "Mondrzycki, Bartlomiej"]
[Black "Jankowiak, Piotr"]
[Result "1-0"]
[WhiteElo "2140"]
[BlackElo "2009"]
[Annotator "TA"]
[PlyCount "171"]
[EventDate "2020.08.01"]
[EventType "swiss"]
[EventCountry "POL"]
[SourceTitle "playchess.com"]
[Source "ChessBase"]
[SourceQuality "1"]

{[%evp 13,171,13,30,8,30,52,56,50,43,51,79,37,65,71,45,23,114,121,119,0,7,0,12,19,20,22,18,35,13,0,0,-160,-27,-28,-33,-56,-50,-60,-52,-61,-53,-75,-68,-52,-64,-72,-47,-39,-31,-31,0,0,0,0,33,39,34,18,32,29,63,51,74,66,73,93,97,54,84,87,109,79,81,81,95,92,89,77,105,112,122,120,129,124,120,113,123,97,104,0,177,167,189,108,234,239,657,224,231,224,366,257,566,612,619,600,1903,1862,1464,285,307,0,1249,698,841,500,464,461,293,354,368,262,6925,4602,5902,6211,5832,5832,4602,3279,29981,29981,29980,29980,29980,29981,29980,29981,29979,2633,29970,5832,29984,29977,29974,29975,29977,29978,29978,29979,5887,5887,29981,5887,29988,29989,29989,29990,29990,29991]} 1. c4 e6 2. g3 d5 3. Bg2 Nf6 4. Nf3 c5 5. cxd5 Nxd5 6. O-O Be7 7. Nc3 O-O 8. Nxd5 {A30: Symmetrical English: Double Fianchetto and Hedgehog.} Qxd5 9. d4 {[#]} Qh5 $146 ({Predecessor:} 9... cxd4 10. Qxd4 Qb5 11. Qe5 Qd7 12. Qh5 Nc6 13. Ne5 Nxe5 14. Qxe5 Bf6 15. Qe4 a5 16. Rb1 Ra6 17. Bf4 Rd8 {1-0 (46) Barseghyan,H (2500)-Unuk,L (2282) Barcelona 2019}) 10. Be3 {White is slightly better.} cxd4 11. Nxd4 e5 12. Nb5 $1 {[%cal Rb5c7]} Nc6 13. Bxc6 bxc6 14. Nxa7 Ba6 (14... Rd8 $11 15. Qc1 Ba6) 15. Nxc6 $16 Bf6 16. f3 (16. Re1 $1 $16) 16... e4 $11 17. Bd4 Bxd4+ 18. Nxd4 Rfd8 {White must now prevent ...Qh6.} 19. Qd2 exf3 20. Rxf3 Qd5 21. e3 Bb7 22. h4 $2 (22. Qc2 $11) 22... Rxa2 (22... Qe4 $1 $17 23. Qf2 Rxd4 $1 {[%mdl 576] Remove Defender} 24. exd4 Qxf3 25. Qxf3 Bxf3) 23. Rxa2 Qxa2 24. Rf1 Qd5 {[%mdl 1024] Black has compensation.} 25. Kh2 Re8 {Strongly threatening ...Rxe3!} 26. Rd1 h6 27. Rg1 Qe4 28. Re1 Rd8 29. Qf2 Rc8 30. Rf1 Bd5 31. Rg1 Re8 (31... Qd3 {looks sharper.} 32. Re1 g6 33. Kh3 Rb8 34. Rc1 Qe4) 32. Qf5 Qxf5 33. Nxf5 {[%mdl 4096] Endgame KRB-KRN} Be6 34. Nd4 Rb8 35. Rg2 Bd5 36. Rd2 Re8 37. Kg1 g6 ({Avoid the trap} 37... Rxe3 $2 38. Nf5 $18) 38. Kf2 Ra8 39. b4 Kf8 40. Ke2 Bc4+ 41. Kf3 Rb8 42. Nc6 Rb6 43. Ne5 Be6 44. Rd4 Ke7 45. Nd3 Rb5 46. Nc5 Bf5 47. Kf4 Kf6 48. e4 g5+ 49. Ke3 Bh3 50. Rd6+ Kg7 51. Rd4 ({White should play} 51. Nd3 $16) 51... gxh4 $2 (51... Kf6 $1 $11 {and Black has nothing to worry.}) 52. gxh4 $18 Kg6 {[#]} 53. Nd3 (53. Na4 $1 $18) 53... Bf1 (53... Be6 $16 {was called for.} 54. e5 Rb6) 54. Nf4+ Kg7 $2 (54... Kf6 55. Rd6+ Kg7) 55. Nd5 $2 (55. Kf2) 55... Bh3 56. Rc4 f5 (56... Rb8 $142 57. Rc6 Bg2) 57. Nc3 Re5 $2 (57... Rb7 {is a better chance.} 58. exf5 Bxf5) 58. Kf4 Re7 59. exf5 Re1 60. Rc7+ Kg8 61. Rc8+ $2 (61. b5 Bg2 62. b6) 61... Kf7 62. Rc7+ $2 (62. Rc5) 62... Kg8 $1 63. f6 Rf1+ 64. Ke5 Rf5+ 65. Ke6 Rf3+ 66. Ke7 {Nd5 is the strong threat.} Re3+ 67. Kd8 {aiming for Nd5.} Rd3+ $2 {[#]} (67... Kf8 68. Rc5 Re8+ 69. Kc7 Kf7) 68. Ke8 $1 {White wants to mate with f7+.} Re3+ 69. Re7 {Intending f7+ and mate.} Be6 70. Nb5 Bf7+ 71. Kd7 Rb3 72. Nd6 Bh5 73. b5 Bg4+ 74. Ke8 Bh5+ 75. f7+ Kg7 76. Kd8 (76. Nf5+ $142 Kf6 77. Nd4 Rxb5 78. Nxb5 Kf5 79. Nd6+ Kg4 80. Re4+ Kh3 81. Ke7) 76... Rd3 77. Rd7 (77. Kc7 $142 Rc3+ 78. Kd7 Bg4+ 79. Ke8 Bh5 80. b6 Ra3 81. Nf5+ Kf6 82. b7) 77... Kf8 78. Kc7 Rc3+ 79. Kb7 Kg7 80. b6 {[%cal Bb5b6,Bb6b7][%mdl 32]} Bf3+ 81. Kb8 Rb3 82. b7 Rb4 83. Rd8 (83. f8=Q+ $142 Kxf8 84. Rf7+ {[%mdl 64] Double Attack} Kg8 85. Rxf3 Rxh4 86. Rf5 Rg4 87. Kc8 Kh7 88. Re5) 83... Rf4 84. Rg8+ {White mates.} Kh7 85. f8=Q Rxf8+ 86. Rxf8 {Accuracy: White = 63%, Black = 52%.} 1-0

[Event "Anderssen Memorial Open-A 2020"]
[Site "Wroclaw"]
[Date "2020.08.05"]
[Round "6.7"]
[White "Piekielny, Pawel"]
[Black "Gardian, Adam"]
[Result "1-0"]
[WhiteElo "2099"]
[BlackElo "1723"]
[Annotator "TA"]
[PlyCount "61"]
[EventDate "2020.08.01"]
[EventType "swiss"]
[EventCountry "POL"]
[SourceTitle "playchess.com"]
[Source "ChessBase"]
[SourceQuality "1"]

{[%evp 26,60,31,24,64,-77,-71,-78,-72,-125,-109,-145,-110,-83,72,65,106,99,103,93,141,114,104,120,268,277,276,266,268,262,29987,29988,29988,29989,29998,29999,29999]} 1. e4 c5 2. Nf3 d6 3. d4 cxd4 4. Nxd4 Nf6 5. Nc3 a6 6. Bg5 e6 7. f4 Be7 8. Qf3 Nbd7 9. O-O-O Qc7 10. g4 b5 11. Bxf6 Nxf6 12. g5 Nd7 13. f5 Bxg5+ {13...0-0 is a critical line.} 14. Kb1 Ne5 {14...0-0 is vanishing. B99: Sicilian Najdorf: 6 Bg5 e6 7 f4 Be7 8 Qf3 Qc7 9 0-0-0 Nbd7.} 15. Qg3 (15. Qh5 $14 {was the only good move.} Qd8 16. Nxe6 Bxe6 17. fxe6) 15... Bf6 $1 $17 16. Bh3 {[%cal Rf5e6]} Qe7 $1 {Black is better.} 17. fxe6 (17. Rhg1 $142) 17... fxe6 18. Nce2 O-O 19. Rhf1 {[#]} Ra7 $146 {[#]} (19... Nc4 $17 {stays on course.} 20. b3 Na3+ 21. Kb2 b4 22. Rxf6 Qxf6 23. Qxd6 Nb5 24. Qxb4 Rd8) ({Predecessor:} 19... Nc4 20. b3 Na3+ 21. Kc1 Bd7 22. Nf3 Rac8 23. Ne1 Be5 24. Rxf8+ Qxf8 25. Qg1 Qf6 {0-1 (35) Lampert,J (1969)-Rafiee,M (2111) Dresden 2008}) 20. Nf4 $1 $16 {[%cal Rh3e6]} Kh8 21. Bxe6 Bxe6 22. Ndxe6 Rc8 23. Qh3 {aiming for Ng5!} Re8 {[#]} 24. Nd4 $1 $36 {[%cal Rd4c6][%mdl 2048] Hoping for Nc6! Black is under strong pressure.} Rc7 {This costs Black the game.} (24... Qd7 $16) 25. Nf5 $18 Qd7 26. Rxd6 {[%mdl 64] Double Attack} Qc8 27. Nd5 {[%mdl 64] Double Attack} Rxc2 $2 (27... Rf7 $18 28. Nxf6 gxf6) 28. Nxf6 {[%mdl 64] Overworked Piece. White mates.} gxf6 {[#]} 29. Qh6 $1 {[%csl Gf5][%cal Rh6g7][%mdl 512]} Rg2 30. Qxf6+ Kg8 31. Nh6# {Accuracy: White = 78%, Black = 44%.} 1-0

[Event "Anderssen Memorial Open-A 2020"]
[Site "Wroclaw"]
[Date "2020.08.05"]
[Round "6.8"]
[White "Skurniak, Szymon"]
[Black "Trybus, Daniel"]
[Result "1-0"]
[WhiteElo "2036"]
[BlackElo "1950"]
[Annotator "TA"]
[PlyCount "105"]
[EventDate "2020.08.01"]
[EventType "swiss"]
[EventCountry "POL"]
[SourceTitle "playchess.com"]
[Source "ChessBase"]
[SourceQuality "1"]

{[%evp 9,105,-32,48,35,54,56,48,55,46,43,120,108,202,146,277,263,255,251,358,316,418,389,378,358,450,285,265,272,277,297,284,268,262,230,293,193,282,226,220,214,415,406,548,532,982,555,517,522,1201,0,0,0,0,0,0,0,0,0,0,0,0,0,0,0,0,0,0,0,0,0,19,20,59,0,0,0,0,0,0,0,0,0,8,0,0,0,0,0,172,145,198,214,29987,29988,29998,29998,29998,29999]} 1. d4 Nf6 2. Bg5 Ne4 3. h4 c5 4. d5 d6 5. Nd2 Qa5 ({Better is} 5... Nxg5 $15 6. hxg5 e6) 6. c3 $14 {A45: Trompowsky Attack.} Nxg5 7. hxg5 g6 8. e4 {White is slightly better.} Bg7 {[#]} 9. a4 $146 ({Predecessor:} 9. Nc4 Qc7 10. a4 h5 11. Nf3 O-O 12. Be2 Rd8 13. Nh4 e6 14. Ne3 Qe7 15. dxe6 Qxe6 {½-½ (45) Sielicki,T (1947)-Myc,M (2306) Warszawa 2017}) 9... h5 ({Black should try} 9... h6 $14) 10. f4 O-O (10... Bg4 $16 {might work better.} 11. Ngf3 Qd8) 11. Be2 e6 (11... Nd7 $16 {was worth a try.}) 12. dxe6 $1 $18 fxe6 13. Nc4 Bxc3+ (13... Qc7 $142 14. Qxd6 Qc6) 14. Kf1 Qd8 15. bxc3 d5 16. exd5 Qxg5 17. Bf3 Qxf4 18. Qd3 Qf6 {and the idea ...exd5 leaves Black hopeful.} 19. Re1 e5 20. Nxe5 Bf5 21. Qe3 Re8 22. c4 {Strongly threatening Ng4.} Na6 (22... Kg7 $142 23. Kf2 Nd7 24. Nxd7 {[%mdl 64] Discovered Attack} Bxd7) 23. Nh3 Nb4 24. Qg5 $1 {[%cal Rg5f6]} Qg7 $2 (24... Qxg5 25. Nxg5 Nc2) 25. g4 $1 {[%cal Rg4f5]} hxg4 26. Nxg4 Bxg4 27. Bxg4 Rxe1+ 28. Kxe1 {And now Be6+ would win.} Qa1+ {[#]} 29. Kf2 $2 (29. Ke2 $1 $18 Qb2+ 30. Kf3 Rf8+ 31. Nf4 Qc3+ 32. Kg2 Qd2+ 33. Be2) 29... Rf8+ $11 30. Kg2 Qb2+ 31. Kg3 {White threatens Be6+ and mate.} Qc3+ {[%mdl 64] Double Attack} 32. Kh2 Qc2+ 33. Kg3 {Threatening mate with Be6+.} Qc3+ 34. Kg2 {White wants to mate with Be6+.} Qc2+ 35. Kg1 {Black must now prevent Be6+.} Qb1+ 36. Kg2 Qb2+ 37. Kg3 {Intending Be6+ and mate.} Qc3+ {[%mdl 64] Double Attack} 38. Kh4 Qh8+ 39. Bh5 {[%mdl 64] Pin} Qd4+ 40. Qg4 Qf6+ 41. Kg3 (41. Ng5 $1 $14 gxh5 42. Qe4 (42. Kxh5 Nd3 $14)) 41... Qc3+ 42. Kg2 {Hoping for Qe6+.} Qc2+ 43. Kg1 Qc1+ 44. Kg2 Qc2+ 45. Kg1 Qc1+ 46. Qd1 Qe3+ 47. Kg2 gxh5 48. Re1 Qd4 $2 (48... Nc2 $11 49. Rg1 Nd4 50. Kh2+ Kf7) 49. Qxh5 $18 Nd3 (49... Qh8 $16 50. Qxh8+ Kxh8) 50. Re7 $40 {[%csl Ge7][%cal Rh5h7][%mdl 128] Black is in trouble.} Nf4+ $2 (50... Qf2+ $18 51. Nxf2 Nf4+ 52. Kg1 Nxh5 53. Rxb7 Rf4) 51. Nxf4 {White mates.} Rxf4 52. Qe8+ Rf8 53. Qg6+ {Accuracy: White = 81%, Black = 44%.} 1-0

[Event "Anderssen Memorial Open-A 2020"]
[Site "Wroclaw"]
[Date "2020.08.05"]
[Round "6.9"]
[White "Bojczewski, Mateusz"]
[Black "Vanduyfhuys, Daria"]
[Result "1-0"]
[WhiteElo "1886"]
[BlackElo "1985"]
[Annotator "ChessBase"]
[PlyCount "77"]
[EventDate "2020.08.01"]
[EventType "swiss"]
[EventCountry "POL"]
[SourceTitle "playchess.com"]
[Source "ChessBase"]
[SourceQuality "1"]
[TimeControl "40/5400+15:1800+30"]

1. e4 {[%emt 0:00:00]} c5 {[%emt 0:00:00]} 2. Nf3 {[%emt 0:00:00]} Nc6 {[%emt 0:00:00]} 3. d4 {[%emt 0:00:00]} cxd4 {[%emt 0:00:00]} 4. Nxd4 {[%emt 0:00:00]} Nf6 {[%emt 0:00:00]} 5. Nc3 {[%emt 0:00:00]} e5 {[%emt 0:00:00]} 6. Ndb5 {[%emt 0:00:00]} d6 {[%emt 0:00:00]} 7. Bg5 {[%emt 0:00:00]} a6 {[%emt 0:00:00]} 8. Na3 {[%emt 0:00:00]} b5 {[%emt 0:00:00]} 9. Bxf6 {[%emt 0:00:00]} gxf6 {[%emt 0:00:00]} 10. Nd5 {[%emt 0:00:00]} f5 {[%emt 0:00:32]} 11. g3 {[%emt 0:00:00]} fxe4 {[%emt 0:08:04]} 12. Bg2 {[%emt 0:00:00]} Bf5 {[%emt 0:01:11]} 13. O-O {[%emt 0:00:00]} Bg7 {[%emt 0:01:10]} 14. Re1 {[%emt 0:00:00]} O-O {[%emt 0:00:27]} 15. c3 {[%emt 0:00:00]} Bg6 {[%emt 0:09:33]} 16. Bxe4 {[%emt 0:00:00]} Bxe4 {[%emt 0:00:19]} 17. Rxe4 {[%emt 0:00:07]} f5 {[%emt 0:01:20]} 18. Re1 {[%emt 0:08:24]} Rb8 {[%emt 0:15:31]} 19. Nc2 {[%emt 0:00:39]} Qd7 {[%emt 0:02:22]} 20. f4 {[%emt 0:08:01]} Qa7+ {[%emt 0:08:01]} 21. Kh1 {[%emt 0:01:01]} Qb7 {[%emt 0:02:32]} 22. Kg1 {[%emt 0:08:57]} Kh8 {[%emt 0:09:13]} 23. a3 {[%emt 0:04:59]} a5 {[%emt 0:00:44]} 24. Nce3 {[%emt 0:01:19]} b4 {[%emt 0:01:51]} 25. Qh5 {[%emt 0:02:52]} bxc3 {[%emt 0:03:57]} 26. bxc3 {[%emt 0:00:39]} exf4 {[%emt 0:05:02]} 27. Nxf4 {[%emt 0:00:49]} Ne5 {[%emt 0:00:38]} 28. Ned5 {[%emt 0:00:44]} Rfc8 {[%emt 0:06:29]} 29. Qxf5 {[%emt 0:12:34]} Nf3+ {[%emt 0:01:22]} 30. Kg2 {[%emt 0:00:30]} Nxe1+ {[%emt 0:00:20]} 31. Rxe1 {[%emt 0:00:00]} Re8 {[%emt 0:02:57]} 32. Ne6 {[%emt 0:10:34]} Qb2+ {[%emt 0:02:46]} 33. Kh3 {[%emt 0:00:21]} Qd2 {[%emt 0:00:46]} 34. Ng5 {[%emt 0:00:39]} Qxg5 {[%emt 0:06:12]} 35. Rxe8+ {[%emt 0:00:08]} Rxe8 {[%emt 0:00:00]} 36. Qxg5 {[%emt 0:00:00]} Be5 {[%emt 0:00:00]} 37. Nf6 {[%emt 0:00:43]} Rf8 {[%emt 0:01:03]} 38. Nd7 {[%emt 0:00:00]} Rg8 {[%emt 0:00:00]} 39. Nxe5 {[%emt 0:00:04]} 1-0

[Event "Anderssen Memorial Open-A 2020"]
[Site "Wroclaw"]
[Date "2020.08.05"]
[Round "6.10"]
[White "Krawiec, Grzegorz"]
[Black "Wong, Gengchun"]
[Result "1/2-1/2"]
[WhiteElo "1812"]
[BlackElo "2190"]
[Annotator "TA"]
[PlyCount "81"]
[EventDate "2020.08.01"]
[EventType "swiss"]
[EventCountry "POL"]
[SourceTitle "playchess.com"]
[Source "ChessBase"]
[SourceQuality "1"]

{[%evp 19,81,0,0,0,0,0,0,0,10,-13,-3,-16,-26,-24,0,-42,-39,-51,-37,-56,-56,-56,-56,-70,-73,-96,-96,-127,-113,-123,-122,-142,-120,-106,-121,-118,-99,-126,-95,-111,-89,-100,-75,-132,-120,-147,-101,-87,0,-43,58,54,151,46,117,83,93,87,235,163,145,171,176,150]} 1. e4 c5 2. Nf3 d6 3. d4 cxd4 4. Nxd4 Nf6 5. Nc3 a6 6. g3 e6 7. Bg2 Qc7 8. O-O Be7 9. a4 Nc6 10. Nxc6 bxc6 11. b3 {B80: Sicilian Scheveningen: 6 g3 and 6 Be3, including English Attack.} O-O 12. Ba3 Bb7 {[#]} 13. Re1 $146 {The position is equal.} ({Predecessor:} 13. Qe2 c5 14. Rfe1 Nd7 15. Nd1 Rfe8 16. Bb2 Rad8 17. Ne3 {½-½ (17) Drollinger,D-Horvath,C (2519) Lugano 2000}) 13... Nd7 14. Ne2 c5 15. c4 Bf6 16. Rb1 Nb8 17. Bb2 Bxb2 18. Rxb2 Nc6 19. Qd2 Rab8 20. Rd1 Rfd8 21. Qc3 Ba8 22. Rd3 e5 23. f3 h6 24. Bf1 Rb4 25. Nc1 Rdb8 26. Be2 Nd4 27. Bd1 Qb7 28. Rbd2 Rb6 29. Rb2 Rf8 30. a5 Rc6 31. Ne2 {[#]} (31. g4 $142) 31... f5 $1 $17 32. exf5 Rxf5 33. b4 cxb4 (33... Rc8 $17 34. Nxd4 cxd4) 34. Nxd4 exd4 ({Better is} 34... bxc3 $15 35. Rxb7 exd4) 35. Qxb4 $14 Qc8 (35... Qxb4 $14 36. Rxb4 Rc8) 36. Qb8 (36. Rxd4 $16 Rf8 37. Qd2) 36... Rxc4 {[#]} (36... Qxb8 $1 $14 37. Rxb8+ Rf8) 37. Rxd4 $1 {[%mdl 512]} Rc1 (37... Rxd4 38. Bb3+) 38. Rxd6 {Strongly threatening Rd8+.} Rf8 (38... Bxf3 $16 39. Qxc8+ (39. Rd8+ Qxd8 40. Qxd8+ Rf8 $11) 39... Rxc8) 39. Qxc8 {White is clearly better.} Rfxc8 40. Kf2 Bc6 {[#]} 41. Be2 $1 {Accuracy: White = 70%, Black = 62%.} 1/2-1/2

[Event "Anderssen Memorial Open-A 2020"]
[Site "Wroclaw"]
[Date "2020.08.05"]
[Round "6.11"]
[White "Kanicki, Krzysztof"]
[Black "Szczesniak, Konrad"]
[Result "1-0"]
[WhiteElo "2163"]
[BlackElo "2033"]
[Annotator "TA"]
[PlyCount "87"]
[EventDate "2020.08.01"]
[EventType "swiss"]
[EventCountry "POL"]
[SourceTitle "playchess.com"]
[Source "ChessBase"]
[SourceQuality "1"]

{[%evp 9,87,26,52,24,28,10,18,16,26,19,37,6,54,45,52,45,45,25,38,38,42,42,62,69,169,166,208,201,239,252,222,201,227,214,304,304,306,291,306,298,282,217,187,215,275,169,209,202,194,202,202,164,213,213,208,210,208,209,237,250,317,289,344,326,338,275,378,376,442,431,565,559,747,738,1646,1531,2615,2604,5493,5401]} 1. e4 c5 2. Nf3 Nc6 3. Bb5 e6 4. Bxc6 dxc6 5. d3 Qc7 6. b3 {B30: Sicilian: 2...Nc6 3 Bb5, lines without ...g6.} e5 {[#]} 7. Nbd2 $146 ({Predecessor:} 7. h3 Be6 8. Bb2 f6 9. Nbd2 Nh6 10. Qe2 Nf7 11. a4 Be7 12. Qe3 b6 13. Nf1 {1-0 (65) Roerig,E (1990)-Eichenseer,F (2044) Bayern 2003}) 7... Ne7 8. Nc4 {The position is equal.} Ng6 9. h4 f6 10. h5 Ne7 11. Be3 $36 {[%mdl 2048] White is pushing.} b6 {[%cal Bb7b6,Bb6b5][%mdl 32]} 12. a4 Be6 13. a5 {[#] aiming for axb6.} b5 14. Ncd2 Ng8 15. Nh4 Rd8 16. Qf3 c4 {White now steadily converts the win.} ({Better is} 16... g6 $14) 17. bxc4 $18 bxc4 18. Nxc4 Bxc4 19. dxc4 Bb4+ 20. Kf1 Qf7 21. g3 Qxc4+ (21... c5 $142 22. Kg2 Ne7) 22. Kg2 Ne7 23. Bxa7 O-O 24. Bb6 Ra8 25. Qb3 Qxb3 26. cxb3 Nc8 27. Rac1 Nxb6 28. axb6 Rfb8 29. Rxc6 {Hoping for Nf5.} Ra6 30. h6 {[#] hxg7 is the strong threat.} gxh6 31. Rxf6 Raxb6 32. Rxb6 Rxb6 {[%mdl 4096] Endgame KRB-KRN} 33. Rd1 Bf8 34. Rd5 Bd6 35. Nf3 Bf8 36. Nxe5 Rxb3 37. Ng4 Rb6 38. f4 Rc6 39. e5 {White is clearly winning.} Kf7 40. f5 Rc2+ 41. Kh3 Rc7 42. Nf6 Be7 43. Rd7 Rc5 44. Nd5 {Accuracy: White = 78%, Black = 41%.} 1-0

[Event "Anderssen Memorial Open-A 2020"]
[Site "Wroclaw"]
[Date "2020.08.05"]
[Round "6.12"]
[White "Peglau, Dora"]
[Black "Krzywda, Andrzej"]
[Result "0-1"]
[WhiteElo "1704"]
[BlackElo "2156"]
[Annotator "TA"]
[PlyCount "62"]
[EventDate "2020.08.01"]
[EventType "swiss"]
[EventCountry "POL"]
[SourceTitle "playchess.com"]
[Source "ChessBase"]
[SourceQuality "1"]

{[%evp 21,62,51,50,30,31,-3,-2,0,0,-13,-25,-17,59,-71,-59,-68,-16,-31,0,-26,-42,-40,8,7,13,6,8,7,9,0,0,0,0,-19,-15,-28,-26,-65,-62,-85,-18,-528,-511]} 1. e4 c5 2. Nf3 e6 3. c4 d6 4. Nc3 Nf6 5. d4 cxd4 6. Nxd4 a6 7. Be3 b6 8. f3 Bb7 9. Qd2 Nbd7 10. Be2 Be7 11. O-O O-O 12. Rfc1 {A31: Symmetrical English: 2 Nf3 Nf6 3 d4.} Re8 13. a4 d5 14. cxd5 {The position is equal.} exd5 {[#]} 15. Nxd5 $146 ({Predecessor:} 15. exd5 Bc5 16. Nf5 Nxd5 17. Nxd5 Bxd5 18. Qxd5 Bxe3+ 19. Nxe3 Rxe3 20. Kf2 Qe8 21. Qd2 {1-0 (47) Coiffait,P (2261)-Loiseau,Q (2457) Europe Chess INT 2020}) 15... Nxd5 16. exd5 Bc5 (16... Nf6 $11) 17. Rc2 {[#]} (17. b4 $14 {stays ahead.} Bxb4 18. Qxb4 Rxe3 19. Qd2) 17... Nf6 $1 $17 18. Bf2 Qxd5 (18... Nxd5 $15 19. Bf1 Qf6) 19. b4 Bd6 {Hoping for ...Ng4!} 20. Bc4 Qh5 $1 {[%cal Rh5h2]} 21. Bg3 Rad8 (21... Bf8 {with more complications.} 22. Rd1 Nd5 23. Bxd5 Qxd5 24. Bc7 a5) 22. Bxd6 Rxd6 23. Qf4 Qe5 24. Qxe5 Rxe5 25. Ne2 g5 26. h3 h5 27. Rac1 g4 28. hxg4 hxg4 29. Rf1 gxf3 30. gxf3 Re3 (30... Kf8 $17 31. b5 a5) 31. f4 $2 {[%mdl 8192] [#]} (31. Ng3 $11 {and White stays safe.} Rd7 32. Nf5) 31... Ng4 {Accuracy: White = 58%, Black = 66%.} 0-1